Clasificación Internacional Uniforme de Ocupaciones (Registro nro. 2984)
[ vista simple ]
| 000 -LEADER | |
|---|---|
| fixed length control field | 00998nam a2200217Ia 4500 |
| 005 - DATE AND TIME OF LATEST TRANSACTION | |
| control field | 20251020182559.0 |
| 008 - FIXED-LENGTH DATA ELEMENTS--GENERAL INFORMATION | |
| fixed length control field | 200515s9999 xx 000 0 und d |
| 082 ## - DEWEY DECIMAL CLASSIFICATION NUMBER | |
| Classification number | SC/331.058.736/O36/1991 |
| 110 ## - MAIN ENTRY--CORPORATE NAME | |
| Corporate name or jurisdiction name as entry element | OIT |
| 245 #0 - TITLE STATEMENT | |
| Title | Clasificación Internacional Uniforme de Ocupaciones |
| 250 ## - EDITION STATEMENT | |
| Edition statement | 2a ed. |
| 260 ## - PUBLICATION, DISTRIBUTION, ETC. | |
| Place of publication, distribution, etc. | Ginebra |
| 260 ## - PUBLICATION, DISTRIBUTION, ETC. | |
| Date of publication, distribution, etc. | 1991 |
| 300 ## - PHYSICAL DESCRIPTION | |
| Extent | 523 |
| 500 ## - GENERAL NOTE | |
| General note | en segundo lugar, se pretende ofrecer un sistema de clasificación internacional uniforme que pueda ser utilizado por los distintos países en la elaboración de sus propios sistemas nacionales de clasificación de ocupaciones o para la revisión de clasifica |
| 520 ## - SUMMARY, ETC. | |
| Summary, etc. | Con la Clasificación Internacional Uniforme de Ocupaciones se persigue una doble finalidad: en primer lugar, ofrecer a los países un sistema de clasificación que sirva de base para la presentación de datos nacionales sobre las ocupaciones, con vistas a es |
| 650 ## - SUBJECT ADDED ENTRY--TOPICAL TERM | |
| Topical term or geographic name entry element | CIUO |
| 650 ## - SUBJECT ADDED ENTRY--TOPICAL TERM | |
| Topical term or geographic name entry element | OCUPACIONES |
| 650 ## - SUBJECT ADDED ENTRY--TOPICAL TERM | |
| Topical term or geographic name entry element | PUB OIT |
| 942 ## - ADDED ENTRY ELEMENTS (KOHA) | |
| Koha item type | Libros |
| Fecha de la última vez que lo usaron | Pago total | Signatura topográfica completa | Código de barras | Precio efectivo desde | Tipo de documento | Estado perdido | Estado dañado | No es para préstamo | Retirado | Ubicación permanente | Ubicación actual | Fecha de adquisición |
|---|---|---|---|---|---|---|---|---|---|---|---|---|
| 15/05/2020 | SC/331.058.736/O36/1991 | Bib-Lima15052984 | 15/05/2020 | Libros | Biblioteca Central Lima | Biblioteca Central Lima | 15/05/2020 |